<?xml version="1.0" encoding="UTF-8"?><?xml-stylesheet type="text/xsl" href="static/style.xsl"?><OAI-PMH xmlns="http://www.openarchives.org/OAI/2.0/" xmlns:xsi="http://www.w3.org/2001/XMLSchema-instance" xsi:schemaLocation="http://www.openarchives.org/OAI/2.0/ http://www.openarchives.org/OAI/2.0/OAI-PMH.xsd"><responseDate>2026-04-17T00:54:22Z</responseDate><request verb="GetRecord" identifier="oai:www.recercat.cat:2099.1/12927" metadataPrefix="marc">https://recercat.cat/oai/request</request><GetRecord><record><header><identifier>oai:recercat.cat:2099.1/12927</identifier><datestamp>2025-07-22T18:37:04Z</datestamp><setSpec>com_2072_1033</setSpec><setSpec>col_2072_452951</setSpec></header><metadata><record xmlns="http://www.loc.gov/MARC21/slim" xmlns:dcterms="http://purl.org/dc/terms/" xmlns:xsi="http://www.w3.org/2001/XMLSchema-instance" xmlns:doc="http://www.lyncode.com/xoai" xsi:schemaLocation="http://www.loc.gov/MARC21/slim http://www.loc.gov/standards/marcxml/schema/MARC21slim.xsd">
   <leader>00925njm 22002777a 4500</leader>
   <datafield ind2=" " ind1=" " tag="042">
      <subfield code="a">dc</subfield>
   </datafield>
   <datafield ind2=" " ind1=" " tag="720">
      <subfield code="a">Pérez Merino, Miguel</subfield>
      <subfield code="e">author</subfield>
   </datafield>
   <datafield ind2=" " ind1=" " tag="260">
      <subfield code="c">2011-06-15</subfield>
   </datafield>
   <datafield ind2=" " ind1=" " tag="520">
      <subfield code="a">En el present projecte es defineixen les característiques generals per al disseny i&#xd;
dimensionat de l’ instal·lació elèctrica, de ventilació, d’ il·luminació, de protecció&#xd;
contra incendis, instal·lació frigorífica, el subministrament d’ aigua y la&#xd;
instal·lació solar tèrmica d’ una nau industrial dedicada a la fabricació plats&#xd;
precuinats.&#xd;
A més, es recullen els plànols de l’ edificació amb els punts elèctrics determinats, els diferents circuits unifilars i els esquemes de les diferents instal·lacions.&#xd;
S’ inclou el pressupost de les instal·lacions i els càlculs necessaris per a cada instal·lació.</subfield>
   </datafield>
   <datafield tag="653" ind2=" " ind1=" ">
      <subfield code="a">Àrees temàtiques de la UPC::Enginyeria elèctrica::Distribució d'energia elèctrica::Instal·lacions elèctriques</subfield>
   </datafield>
   <datafield tag="653" ind2=" " ind1=" ">
      <subfield code="a">Electric wiring</subfield>
   </datafield>
   <datafield tag="653" ind2=" " ind1=" ">
      <subfield code="a">Fàbriques -- Instal·lacions</subfield>
   </datafield>
   <datafield tag="653" ind2=" " ind1=" ">
      <subfield code="a">Instal·lacions elèctriques</subfield>
   </datafield>
   <datafield ind2="0" ind1="0" tag="245">
      <subfield code="a">Acondicionamiento de una nave industrial dedicada a la elaboración de platos precocinados</subfield>
   </datafield>
</record></metadata></record></GetRecord></OAI-PMH>